000 01032cam a22003257a 4500
003 CHAP
005 20220817041934.0
008 971013s1982 r 00010 d
010 _a29330
011 _a30302
035 _a34414
040 _cCHAP
082 _a634.772
_bC66
100 0 0 _aContreras Martínez de Escobar, Miguel Angel.
_927510
245 1 3 _aEl chamusco negro
_b: una nueva enfermedad de la hoja de los plátanos
260 _aChapingo, Méx. :
_bEl autor,
_c1982
300 _a104 p.
_b: gráfs.
500 _aFotocopia
590 _aBATCH-UPD
_b10
_c20130110
_lUCH01
_h0310
590 _aBATCH-UPD
_b10
_c20130110
_lUCH01
_h1343
590 _aBATCH-UPD
_b10
_c20130409
_lUCH01
_h2343
590 _aBATCH-UPD
_b10
_c20130914
_lUCH01
_h1038
590 _aCONVERSION
_b10
_c20130109
_lUCH01
_h1317
650 1 4 _aMancha foliar del plátano.
_970305
650 1 4 _aPlátano
_xEnfermedades.
_989231
710 0 _aUACH.
901 _aBK
942 _cLIBRO
949 _a634.772 C66
_bBC
_cUACH
_d-79680
_eUACH
_h60391
_i34414
_si
999 _c29330
_d29330